Monolitická železobetónová stropná konštrukcia

Saved in:
Bibliographic Details
Main Author: Maxian, Patrik (Author)
Other Authors: Majtánová, Lucia (Thesis advisor)
Format: Manuscript Book
Language:Slovak
Published: 2019
Subjects:
Online Access:http://is.stuba.sk/zp/portal_zp.pl?podrobnosti=136709
https://opac.crzp.sk/?fn=detailBiblioForm&sid=C6063C7B07FFACC0404AE126C0CD
Tags: Add Tag
No Tags, Be the first to tag this record!

MARC

LEADER 00000ntm a22000003a 4500
001 stuzp74560
003 SK-STU
005 20230607111905.1
007 ta
008 150427s2015----xo-----f-mn---000-0-slo-d
040 |a STU  |b slo 
041 0 |a slo 
100 1 |a Maxian, Patrik  |u 010110  |4 aut  |U SvF Stavebná fakulta  |T SvF Katedra betónových konštrukcií a mostov  |X 87313  |U V110  |Y 11  |7 87313 
242 0 1 |a Reinforced Concrete Slab  |y eng 
245 1 0 |a Monolitická železobetónová stropná konštrukcia 
260 |c 2019 
650 4 |a Monolitická železobetónová stropná konštrukcia  |2 slo 
650 4 |a Železobetón  |2 slo 
650 4 |a Doska nosná v jednom smere  |2 slo 
650 4 |a Reinforced Concrete Slab  |2 eng 
650 4 |a Reinforcement concrete  |2 eng 
650 4 |a Residential building  |2 eng 
700 1 |a Majtánová, Lucia  |u 010110  |k Z8  |4 ths  |U SvF Stavebná fakulta  |T SvF Katedra betónových konštrukcií a mostov  |X 50518  |U V110  |Y 11  |7 A000050518 
856 4 |u http://is.stuba.sk/zp/portal_zp.pl?podrobnosti=136709 
856 4 |u https://opac.crzp.sk/?fn=detailBiblioForm&sid=C6063C7B07FFACC0404AE126C0CD